000 00295nam a22001337a 4500
008 210302b ||||| |||| 00| 0 eng d
020 _a2900393913322
041 _aeng
080 _23th
_a82
100 _a18
101 _aGJL
245 _aThe Norton Anothology
_cPuchner, M
942 _2udc
_cBK
999 _c55432
_d55432